|
|
|
|
| LEADER |
00782nam a2200205 a 4500 |
| 008 |
090720s2000 ii b 001 0 eng d |
| 020 |
|
|
|a 8126103264
|
| 082 |
0 |
0 |
|a 613.2/03
|2 21
|
| 100 |
1 |
|
|a Bhatia, Arti.
|
| 245 |
0 |
0 |
|a Health promotion in public /
|c edited by Arti Bhatia
|
| 260 |
|
|
|a New Delhi :
|b Anmol Publications ,
|c 2000.
|
| 300 |
|
|
|a viii, 312 p. :
|c 24 cm.
|
| 490 |
|
|
|a Encyclopaedia of health and nutrition series.
|
| 504 |
|
|
|a Includes index.
|
| 541 |
1 |
|
|e 00018446
|
| 650 |
|
0 |
|a Nutrition
|v Encyclopedias.
|
| 650 |
|
0 |
|a Dietetics
|v Encyclopedias.
|
| 852 |
4 |
|
|a School of Public Health.
|
| 999 |
|
|
|c 2556
|d 2556
|
| 952 |
|
|
|0 0
|1 0
|2 ddc
|4 0
|6 613_203000000000000_BHA
|7 0
|9 2329
|a JPGSPH
|b JPGSPH
|d 2009-04-28
|e Paragon Enterprise Ltd. Dhaka
|l 0
|o 613.203 BHA
|p 3060018446
|r 2009-07-21
|t 1
|w 2009-07-21
|y BK
|